000 00740nam a2200289Ia 4500
005 20260324144119.0
008 008 260324s9999 xx 000 0 eng d
020 _a9781315674520
037 _aEBOOK
040 _aCRL
040 _beng
040 _cCRL
041 _2eng
041 _aeng
084 _qCRL
100 _aMartin Weale; Andrew Blake; Nicos Christodoulakis; James Meade; David Vines
_91218132
245 0 _aMacroeconomic Policy
245 0 _bInflation, Wealth and the Exchange Rate
260 _bTaylor and Francis
260 _c1989
365 _a
365 _b150
856 _uhttp://www.taylorfrancis.com/books/9781315674520
942 _cEBOOK
999 _c1824339
_d1824339